Science Quiz

Random Science Quiz
Score 0/18 Timer 02:00
0 Plays Today
Description Bone % Correct
The longest and strongest bone in your body.Femur
65.4%
Your toes and fingers.Phalanges
56.4%
The weight-bearing bone in your lower leg.Tibia
50%
Also known as your collar bone.Clavicle
50%
The breastbone.Sternum
50%
Protects your lungs, heart, diaphragm, and other important organs.Rib Cage
46.2%
Your shoulder blade.Scapula
46.2%
The kneecap, aids lower leg movement.Patella
46.2%
The outermost bone in your forearm.Radius
43.6%
Description Bone % Correct
The part of the skull that protects the brain.Cranium
41%
The inner bone of your forearm, makes up the elbow.Ulna
41%
The arch of your foot is made with these bones.Metatarsals
35.9%
The bones in your palm.Metacarpals
35.9%
The bones associated with your ankle.Tarsals
32.1%
Connects to your shin bone.Fibula
29.5%
The bones associated with your wrist.Carpals
29.5%
Your jaw and eye sockets are made up of these bones.Facial Bones
12.8%
Also known as the hips, helps with movement and protects your reproductive organs.Pelvic Girdle
12.8%
Remove Ads.
Support Sporcle.
Get the best of Sporcle when you Go Orange. This ad-free experience offers more features, more stats, and more fun while also helping to support Sporcle. Thank you for becoming a member.

You're not logged in!

Compare scores with friends on all Sporcle quizzes.
OR
Log In

Sporcle TV

Today on Sporcle TV


Watch our educational content, quiz creation guides, and fun videos on Sporcle TV.

Show Comments

Extras

Created Feb 21, 2015ReportNominate
Tags:bones, Middle School

Top Quizzes Today


Score Distribution

Paid Content

Your Account Isn't Verified!

In order to create a playlist on Sporcle, you need to verify the email address you used during registration. Go to your Sporcle Settings to finish the process.

Report this User

Report this user for behavior that violates our Community Guidelines.

Details: